Theory and practice of water and wastewater treatment

This book details the technologies used in water and wastewater management today, including standard practice and state of the art. Its main focus is on the mechanics of processes to treat water or wastewater.

Zapisane w:
Opis bibliograficzny
1. autor: Droste, Ronald L.
Format: Książka
Język:Undetermined
Wydane: New York J. Wiley 1997
Hasła przedmiotowe:
Etykiety: Dodaj etykietę
Nie ma etykietki, Dołącz pierwszą etykiete!
Thư viện lưu trữ: Trung tâm Học liệu Trường Đại học Cần Thơ
LEADER 00765nam a2200205Ia 4500
001 CTU_141608
008 210402s9999 xx 000 0 und d
082 |a 628.162 
082 |b D787 
100 |a Droste, Ronald L. 
245 0 |a Theory and practice of water and wastewater treatment 
245 0 |c Ronald L. Droste 
260 |a New York 
260 |b J. Wiley 
260 |c 1997 
520 |a This book details the technologies used in water and wastewater management today, including standard practice and state of the art. Its main focus is on the mechanics of processes to treat water or wastewater. 
650 |a Water,Sewage 
650 |x Purification,Purification 
904 |i Trọng Hải 
980 |a Trung tâm Học liệu Trường Đại học Cần Thơ